00675nam a2200145Ia 4500008004100000100001700041245008200058245017900140260004900319260000900368650001300377856004700390999001900437952007300456170221s9999 xx 000 0 und d aHucks, Nick. aAgricultural risk management in the Northern Coastal Plains of South Carolina cNick Hucks, Horry Telephone Cooperative; Von Todd, Horry Telephone Cooperative; Robert B. Burney, Coastal Carolina University; Thomas W. Secrest, Coastal Carolina University. bJournal of Management and Marketing Research c2015 xBusiness uhttp://www.aabri.com/manuscripts/11915.pdf c309301d309301 001040aCLbCLd2017-02-21l0r2017-02-21 00:00:00w2017-02-21yFOJ